000 00547nam a2200193 a 4500
001 1762082653789
003 ACL
005 20251102165540.0
008 251102s2005##################000#0#eng##
020 _a9780071458917
082 0 4 _a658.15
_bBRE
100 1 _aBremer, Michael,
_eauthor.
245 1 0 _aSix Sigma Financial Tracking and Reporting : Measuring Project Performance and P&L Impact :
260 _bMcgraw-hill,
_c2005.
300 _a460 pages
650 0 _aTechnology & Engineering.
942 _cENGLISH
040 _aACL
_beng
_cACL
999 _c595312
_d595312